Preval amerikanskich planov zavejevanija mirovogo gospodstva v 1917-1920 g.

Salvato in:
Dettagli Bibliografici
Natura: Libro
Lingua:russo
Pubblicazione: Moskva Gospolizdat 1951
Tags: Aggiungi Tag
Nessun Tag, puoi essere il primo ad aggiungerne!!

MARC

LEADER 00000nam a2200000 4500
001 0314623
005 20260129111627.8
041 0 |a rus 
044 |a RU 
245 1 0 |a Preval amerikanskich planov zavejevanija mirovogo gospodstva v 1917-1920 g.  |c A. E. Kunina 
264 1 |a Moskva  |b Gospolizdat  |c 1951